| 000 | 00487nam a22001337a 4500 | ||
|---|---|---|---|
| 008 | 230410b |||||||| |||| 00| 0 eng d | ||
| 040 |
_aNational Science Library _cNational Science Library |
||
| 080 |
_a338.924 _bL5 |
||
| 245 |
_aGuidelines for industries: _bHandbook of industrial policy and procedures and annual guidelines for industries 1975-76 |
||
| 260 |
_aNew Delhi: _bDepartment of Industrial Development, _c1975 |
||
| 300 | _ax, 284p. | ||
| 650 | _aHandbook | ||
| 942 |
_2udc _cHDK |
||
| 999 |
_c19648 _d19648 |
||